[Event "PUR-ch"]
[Site "San Juan"]
[Date "2023.08.27"]
[Round "4"]
[White "Vales Quinones, Pedro I"]
[Black "Sotelo Kohama, Daniel"]
[Result "0-1"]
[WhiteElo "1332"]
[BlackElo "2056"]
[PlyCount "120"]
[EventDate "2023.08.25"]
[EventType "swiss"]
[EventRounds "9"]
[EventCountry "PUR"]
[SourceTitle "EXT 2024"]
[Source "ChessBase"]
[SourceDate "2023.10.10"]
[SourceVersion "1"]
[SourceVersionDate "2023.10.10"]
[SourceQuality "1"]

1. e4 c5 2. Nf3 e6 3. c3 Nf6 4. e5 Nd5 5. d4 cxd4 6. cxd4 Nc6 7. Nc3 Nxc3 8. bxc3 d6 9. Ba3 Be7 10. Bb5 0-0 11. Bxc6 bxc6 12. exd6 Bxd6 13. Bxd6 Qxd6 14. 0-0 c5 15. Rb1 Ba6 16. Re1 Bc4 17. Qa4 Bd5 18. Red1 Bxf3 19. gxf3 cxd4 20. Rxd4 Qc5 21. Qc2 Rac8 22. Rh4 h5 23. Kh1 g6 24. Rg1 Kg7 25. Qe4 Rfd8 26. Rf4 Qe7 27. Qe5+ Kh7 28. c4 Rc5 29. Qb2 Rdc8 30. Rc1 e5 31. Re4 Qf6 32. f4 Qc6 33. f3 exf4 34. Rxf4 Kg8 35. Kg2 Re8 36. Qf6 Qxf6 37. Rxf6 Re2+ 38. Kg3 Rxa2 39. Rc3 Kg7 40. Rd6 Ra4 41. h4 Raxc4 42. Rxc4 Rxc4 43. Ra6 Rc7 44. Kf4 Kf8 45. Kg5 Rb7 46. Kf4 Kg7 47. Kg5 Rd7 48. Kf4 Kf8 49. Kg5 Ke7 50. Kf4 Kd8 51. Ke5 Kc8 52. Kf6 Kb7 53. Ra5 Kb6 54. Ra3 a5 55. f4 Kb5 56. f5 Rd4 57. fxg6 fxg6 58. Rh3 Rg4 59. Kg7 a4 60. Kf6 Kb4 0-1

[Event "PUR-ch"]
[Site "San Juan"]
[Date "2023.08.26"]
[Round "3"]
[White "Sotelo Kohama, Daniel"]
[Black "Childers Pickett, Logan"]
[Result "0-1"]
[WhiteElo "2056"]
[BlackElo "1826"]
[PlyCount "113"]
[EventDate "2023.08.25"]
[EventType "swiss"]
[EventRounds "9"]
[EventCountry "PUR"]
[SourceTitle "EXT 2024"]
[Source "ChessBase"]
[SourceDate "2023.10.10"]
[SourceVersion "1"]
[SourceVersionDate "2023.10.10"]
[SourceQuality "1"]

1. e4 e6 2. d4 d5 3. e5 c5 4. c3 Nc6 5. Be3 Qb6 6. Qd2 cxd4 7. cxd4 Bd7 8. Nc3 Na5 9. Nf3 Rc8 10. Be2 Nc4 11. Bxc4 Rxc4 12. 0-0 Ne7 13. Rfd1 Nf5 14. Bg5 h6 15. g4 Nxd4 16. Nxd4 hxg5 17. b3 Rc7 18. Nce2 Be7 19. Nf3 Qb4 20. Qxb4 Bxb4 21. Nxg5 f6 22. Nf3 Bc3 23. Rac1 Bxe5 24. Nxe5 Rxc1 25. Nxc1 fxe5 26. Nd3 e4 27. Ne5 Bb5 28. Rc1 0-0 29. Rc7 Rd8 30. Rxb7 Be2 31. Nc6 Rd6 32. Ne5 d4 33. Rb8+ Kh7 34. Rh8+ Kxh8 35. Nf7+ Kh7 36. Nxd6 Bf3 37. h3 Kg6 38. Nc4 Kg5 39. Nd2 Kf4 40. Kf1 e3 41. fxe3+ Kxe3 42. Nc4+ Kd3 43. Ne5+ Ke4 44. Nc4 d3 45. Kf2 Be2 46. Nd2+ Kd4 47. Ke1 e5 48. Nc4 e4 49. Kd2 g5 50. Ne3 Bf3 51. b4 a6 52. a4 Be2 53. a5 Ke5 54. b5 Kd6 55. b6 Kc6 56. Ke1 Bf3 57. Kd2 0-1

[Event "PUR-ch"]
[Site "San Juan"]
[Date "2022.04.10"]
[Round "9"]
[White "Sotelo Kohama, Daniel"]
[Black "Morales Santos, Natasha"]
[Result "1/2-1/2"]
[WhiteElo "2104"]
[BlackElo "1967"]
[PlyCount "61"]
[EventDate "2022.04.02"]
[EventType "tourn"]
[EventRounds "9"]
[EventCountry "PUR"]
[SourceTitle "CBM 207 Extra"]
[Source "ChessBase"]
[SourceDate "2022.05.31"]
[SourceVersion "1"]
[SourceVersionDate "2022.05.31"]
[SourceQuality "1"]

1. e4 e6 2. d4 d5 3. exd5 exd5 4. Nf3 Bd6 5. Bd3 Ne7 6. 0-0 Nbc6 7. Re1 Bg4 8. c3 f6 9. Nbd2 Qd7 10. Qa4 Bf5 11. Bf1 0-0 12. Qd1 Rae8 13. Bb5 a6 14. Ba4 Nc8 15. Nf1 Nb6 16. Bb3 Na5 17. Ne3 Nxb3 18. axb3 Be4 19. Bd2 Qf7 20. Nf1 Qh5 21. Ng3 Bxf3 22. Nxh5 Bxd1 23. Raxd1 Kf7 24. Bf4 Bxf4 25. Nxf4 c6 26. Nd3 Nd7 27. b4 Rxe1+ 28. Rxe1 Re8 29. Kf1 Rxe1+ 30. Kxe1 Ke6 31. Nc5+ 1/2-1/2

[Event "PUR-ch"]
[Site "San Juan"]
[Date "2022.04.08"]
[Round "5"]
[White "Burgos Rodriguez, Edison"]
[Black "Sotelo Kohama, Daniel"]
[Result "1-0"]
[WhiteElo "1805"]
[BlackElo "2104"]
[PlyCount "71"]
[EventDate "2022.04.02"]
[EventType "tourn"]
[EventRounds "9"]
[EventCountry "PUR"]
[SourceTitle "CBM 207 Extra"]
[Source "ChessBase"]
[SourceDate "2022.05.31"]
[SourceVersion "1"]
[SourceVersionDate "2022.05.31"]
[SourceQuality "1"]

1. e4 c5 2. Nf3 e6 3. d4 cxd4 4. Nxd4 a6 5. Nc3 Qc7 6. Bd3 b5 7. 0-0 Bb7 8. Re1 Nf6 9. e5 Nd5 10. Nxd5 Bxd5 11. Be4 Qxe5 12. Nf3 Qxe4 13. Rxe4 Bxe4 14. a4 b4 15. Bf4 d5 16. Ng5 Bg6 17. h4 h6 18. Nf3 Nd7 19. Qe2 Be7 20. Nd4 Nc5 21. h5 Be4 22. Nc6 b3 23. Qe3 Bf8 24. cxb3 Nd3 25. Qg3 Rc8 26. Ne5 Nxe5 27. Bxe5 f6 28. Bd6 Kf7 29. b4 Rc6 30. Bxf8 Rxf8 31. b5 Rcc8 32. b6 e5 33. a5 Rc2 34. Qb3 Rc5 35. Qa3 Rc6 36. Qxf8+ 1-0

[Event "Puerto Rico Inv"]
[Site "Caguas"]
[Date "2021.05.02"]
[Round "4"]
[White "Sotelo Kohama, Daniel"]
[Black "Mendez Machado, Andre"]
[Result "1/2-1/2"]
[WhiteElo "2140"]
[BlackElo "1651"]
[PlyCount "53"]
[EventDate "2021.04.30"]
[EventType "swiss"]
[EventRounds "5"]
[EventCountry "PUR"]
[SourceTitle "EXT 2023"]
[Source "ChessBase"]
[SourceDate "2022.10.05"]
[SourceVersion "1"]
[SourceVersionDate "2022.10.05"]
[SourceQuality "1"]

1. e4 e5 2. Nf3 Nc6 3. Bb5 a6 4. Ba4 Nf6 5. 0-0 b5 6. Bb3 Bc5 7. c3 d6 8. d3 Bb6 9. Be3 0-0 10. Nbd2 Bxe3 11. fxe3 Ne7 12. Qe2 Ng6 13. Rad1 Bb7 14. h3 Qe7 15. Qf2 c5 16. Nh4 Nxh4 17. Qxh4 Rac8 18. Bc2 d5 19. exd5 Nxd5 20. Qg3 Rc6 21. Rf5 Rg6 22. Qf2 Bc8 23. Rf3 f5 24. Bb3 Be6 25. Re1 f4 26. Bxd5 Bxd5 27. Ne4 1/2-1/2

[Event "Puerto Rico Inv"]
[Site "Caguas"]
[Date "2021.05.01"]
[Round "2"]
[White "Munoz Valeriano, Nelson Gerardo"]
[Black "Sotelo Kohama, Daniel"]
[Result "0-1"]
[WhiteElo "1718"]
[BlackElo "2140"]
[PlyCount "66"]
[EventDate "2021.04.30"]
[EventType "swiss"]
[EventRounds "5"]
[EventCountry "PUR"]
[SourceTitle "EXT 2023"]
[Source "ChessBase"]
[SourceDate "2022.10.05"]
[SourceVersion "1"]
[SourceVersionDate "2022.10.05"]
[SourceQuality "1"]

1. d4 Nf6 2. c4 c5 3. d5 d6 4. Nc3 g6 5. Nf3 Bg7 6. e4 0-0 7. Bd3 e6 8. 0-0 exd5 9. cxd5 Re8 10. h3 c4 11. Bc2 b5 12. a3 a6 13. Bf4 Bb7 14. Re1 Qb6 15. Qd2 Nbd7 16. Rad1 Rad8 17. e5 dxe5 18. Nxe5 Nxe5 19. Bxe5 Nxd5 20. Bxg7 Rxe1+ 21. Rxe1 Kxg7 22. Rd1 Qf6 23. Ne4 Qxb2 24. Nc5 Bc8 25. Rb1 Qf6 26. Rd1 Qc6 27. Qd4+ Qf6 28. Be4 Be6 29. Nxa6 Qxd4 30. Rxd4 Rd7 31. a4 Nc3 32. Rxd7 Bxd7 33. Bc2 bxa4 0-1

[Event "Puerto Rico Inv"]
[Site "Caguas"]
[Date "2021.05.01"]
[Round "3"]
[White "Sotelo Kohama, Daniel"]
[Black "Oquendo, Abel"]
[Result "1-0"]
[WhiteElo "2140"]
[BlackElo "1942"]
[PlyCount "105"]
[EventDate "2021.04.30"]
[EventType "swiss"]
[EventRounds "5"]
[EventCountry "PUR"]
[SourceTitle "EXT 2023"]
[Source "ChessBase"]
[SourceDate "2022.10.05"]
[SourceVersion "1"]
[SourceVersionDate "2022.10.05"]
[SourceQuality "1"]

1. e4 e5 2. Nf3 Nc6 3. Bb5 Nf6 4. 0-0 Nxe4 5. Re1 Nd6 6. Nxe5 Nxe5 7. Rxe5+ Be7 8. Bf1 0-0 9. d4 Ne8 10. Nc3 d6 11. Re1 Nf6 12. Bg5 c6 13. Bd3 Be6 14. Qd2 Qc7 15. Ne4 Qd8 16. Ng3 Nd5 17. Bxe7 Nxe7 18. Ne4 Nf5 19. c3 h6 20. Qf4 Qd7 21. g4 Nh4 22. g5 Bg4 23. Re3 Ng6 24. Qxd6 Qxd6 25. Nxd6 Rad8 26. Ne4 h5 27. Rae1 Nf4 28. f3 Be6 29. Bb1 Bd5 30. h4 Kh8 31. Kf2 f6 32. gxf6 gxf6 33. Ng3 Rg8 34. Re7 Nh3+ 35. Kg2 Nf4+ 36. Kh2 Ng6 37. Rxb7 Bxf3 38. Bxg6 Rxg6 39. Ree7 c5 40. Rh7+ Kg8 41. Rbd7 cxd4 42. Rxd8+ Kxh7 43. Rxd4 Bg4 44. Ne4 f5 45. Rd7+ Kh8 46. Ng5 Rb6 47. b3 Ra6 48. a4 Rb6 49. b4 Rc6 50. Rxa7 Rxc3 51. b5 f4 52. b6 Rc2+ 53. Kg1 1-0

[Event "PUR-ch"]
[Site "Bayamon"]
[Date "2013.06.01"]
[Round "7"]
[White "Zilleruelo Irizarry, Diego"]
[Black "Sotelo Kohama, Daniel"]
[Result "1/2-1/2"]
[WhiteElo "2075"]
[BlackElo "2157"]
[PlyCount "85"]
[EventDate "2013.05.24"]
[EventType "swiss"]
[EventRounds "9"]
[EventCountry "PUR"]
[SourceTitle "CBM 154 Extra"]
[Source "ChessBase"]
[SourceDate "2013.06.25"]
[SourceVersion "2"]
[SourceVersionDate "2013.06.25"]
[SourceQuality "1"]

1. e4 d5 2. exd5 Qxd5 3. Nc3 Qd8 4. d4 Nf6 5. Bc4 e6 6. Nf3 Be7 7. 0-0 0-0 8. Qe2 b6 9. Bf4 Bb7 10. Rad1 Re8 11. Ne5 Bf8 12. Bg5 a6 13. Bd3 Be7 14. Bxf6 Bxf6 15. Bxh7+ Kf8 16. Be4 Bxe4 17. Qxe4 Ra7 18. Rd3 Qd6 19. Rf3 c5 20. Rd1 cxd4 21. Ng4 Qc6 22. Nxf6 Qxe4 23. Ncxe4 gxf6 24. Rxd4 f5 25. Nc3 Rc7 26. h4 b5 27. a3 Nc6 28. Rd6 Ke7 29. Rd1 Ne5 30. Re3 Kf6 31. f4 Ng4 32. Nd5+ Kg6 33. Nxc7 Nxe3 34. Rd3 Rc8 35. Rxe3 Rxc7 36. Re2 Kh5 37. g3 Kg4 38. Kg2 Rd7 39. Kf2 Rd1 40. Re1 Rd2+ 41. Re2 Rd5 42. Re3 Rd2+ 43. Re2 1/2-1/2

[Event "PUR-ch"]
[Site "Bayamon"]
[Date "2013.05.26"]
[Round "4"]
[White "Sotelo Kohama, Daniel"]
[Black "Figueroa Rosario, Alex"]
[Result "1-0"]
[WhiteElo "2157"]
[BlackElo "2022"]
[PlyCount "44"]
[EventDate "2013.05.24"]
[EventType "swiss"]
[EventRounds "9"]
[EventCountry "PUR"]
[SourceTitle "CBM 154 Extra"]
[Source "ChessBase"]
[SourceDate "2013.06.25"]
[SourceVersion "2"]
[SourceVersionDate "2013.06.25"]
[SourceQuality "1"]

1. e4 Nf6 2. e5 Nd5 3. Nc3 Nxc3 4. dxc3 Nc6 5. Nf3 d6 6. Bf4 Bg4 7. Bb5 e6 8. Qe2 Qd7 9. Qe3 a6 10. Bd3 Ne7 11. 0-0-0 Nd5 12. Qd2 Bxf3 13. gxf3 Qa4 14. Be4 Qxa2 15. Qd4 Nxf4 16. Qe3 d5 17. Qxf4 dxe4 18. Qxe4 Qa1+ 19. Kd2 0-0-0+ 20. Ke2 Rxd1 21. Rxd1 Qxb2 22. Qd4 b6 1-0

[Event "PUR-ch"]
[Site "Caguas"]
[Date "2009.07.25"]
[Round "9"]
[White "Sotelo Kohama, Daniel"]
[Black "Santa Torres, Juan"]
[Result "1/2-1/2"]
[WhiteElo "2173"]
[BlackElo "2229"]
[PlyCount "113"]
[EventDate "2009.07.11"]
[EventType "tourn"]
[EventRounds "11"]
[EventCountry "PUR"]
[EventCategory "11"]
[SourceTitle "CBM 131 Extra"]
[Source "ChessBase"]
[SourceDate "2009.09.03"]
[SourceVersion "2"]
[SourceVersionDate "2009.09.16"]
[SourceQuality "1"]

1. d4 Nf6 2. Nf3 e6 3. g3 c5 4. Bg2 Nc6 5. 0-0 cxd4 6. Nxd4 Qb6 7. Nb3 Qc7 8. Nc3 a6 9. e4 Be7 10. Bf4 d6 11. Qe2 0-0 12. a4 Ne5 13. Nd2 Bd7 14. Rac1 Rac8 15. Nd1 Rfe8 16. c4 a5 17. Nc3 Qb8 18. h3 Bc6 19. Nb3 b6 20. Nd4 Ba8 21. b3 Ned7 22. Ndb5 e5 23. Bg5 Nc5 24. Rb1 Ne6 25. Be3 h6 26. Rfd1 Nc5 27. Qc2 Bc6 28. Rd2 Red8 29. Rbd1 Rd7 30. Kh2 Rcd8 31. f3 Bf8 32. h4 Re8 33. Bh3 Rdd8 34. Rb1 Na6 35. Na3 Nb4 36. Qc1 Nd7 37. Nc2 Nxc2 38. Qxc2 Nc5 39. b4 axb4 40. Rxb4 Qc7 41. Qd1 Ra8 42. Rdb2 Ra6 43. Nd5 Bxd5 44. cxd5 Rea8 45. Bf1 R6a7 46. Bb5 Be7 47. Bc6 Rb8 48. Qb1 Bd8 49. Rc4 Rc8 50. Rcb4 Qe7 51. Rc4 Qc7 52. Rcb4 Qe7 53. Kg2 Bc7 54. Qc2 Qd8 55. Bxc5 dxc5 56. Rb5 Qd6 57. Qc4 1/2-1/2

[Event "PUR-ch"]
[Site "Caguas"]
[Date "2009.07.19"]
[Round "6"]
[White "Sotelo Kohama, Daniel"]
[Black "Montanez Nazario, Robert"]
[Result "0-1"]
[WhiteElo "2173"]
[BlackElo "2081"]
[PlyCount "90"]
[EventDate "2009.07.11"]
[EventType "tourn"]
[EventRounds "11"]
[EventCountry "PUR"]
[EventCategory "11"]
[SourceTitle "CBM 131 Extra"]
[Source "ChessBase"]
[SourceDate "2009.09.03"]
[SourceVersion "2"]
[SourceVersionDate "2009.09.16"]
[SourceQuality "1"]

1. d4 Nf6 2. Nf3 g6 3. Nc3 d5 4. Bf4 Bg7 5. e3 0-0 6. Be2 c5 7. 0-0 cxd4 8. exd4 Nc6 9. Re1 Ne4 10. Na4 Bg4 11. c3 b6 12. Rc1 h6 13. h3 Bf5 14. Nd2 g5 15. Bh2 e6 16. b3 a6 17. Nb2 b5 18. b4 Qb6 19. Nxe4 Bxe4 20. Bd6 Rfe8 21. Bc5 Qb7 22. a4 e5 23. Ra1 exd4 24. cxd4 a5 25. Bxb5 axb4 26. Nd3 Rec8 27. f3 Bf5 28. Nxb4 Nxb4 29. Bxb4 Qb6 30. Kh1 Bxd4 31. Rc1 Bf2 32. Rf1 Rxc1 33. Qxc1 Qd4 34. Rd1 Qxb4 35. Rxd5 Rc8 36. Qf1 Be6 37. Rd1 Bg3 38. Qg1 Be5 39. Qb6 Qf4 40. Qg1 Bxh3 41. Bf1 Be6 42. g4 Qxf3+ 43. Bg2 Qxg4 44. Qe1 Qh5+ 45. Kg1 Qh2+ 0-1

[Event "Puerto Rico-ch"]
[Site "Puerto Rico"]
[Date "2007.07.24"]
[Round "8"]
[White "Sotelo Kohama, Daniel"]
[Black "Machin Rivera, Mark"]
[Result "0-1"]
[WhiteElo "2141"]
[BlackElo "2177"]
[PlyCount "80"]
[EventDate "2007.07.13"]
[EventType "tourn"]
[EventRounds "11"]
[EventCountry "PUR"]
[SourceTitle "EXT 2010"]
[Source "ChessBase"]
[SourceDate "2010.11.25"]
[SourceVersion "1"]
[SourceVersionDate "2010.11.25"]
[SourceQuality "1"]

1. e4 g6 2. d4 Bg7 3. Nf3 d6 4. c4 e5 5. Nc3 Nc6 6. Be3 Bg4 7. d5 Nd4 8. Be2 Bxf3 9. Bxf3 c5 10. dxc6 bxc6 11. 0-0 Ne7 12. g3 0-0 13. Bg2 Rb8 14. b3 f5 15. Ne2 Ne6 16. Qd2 fxe4 17. Bxe4 d5 18. Bg2 Rb7 19. cxd5 cxd5 20. Rad1 Rd7 21. Bh6 Bxh6 22. Qxh6 Nf5 23. Qc1 Nfd4 24. Nxd4 Nxd4 25. Qe3 Re8 26. Qd3 Kg7 27. Rfe1 Nf5 28. Bh3 Qf6 29. Qb5 Red8 30. Rd3 e4 31. Rdd1 Rd6 32. Qc5 a6 33. Bxf5 gxf5 34. Qd4 Qxd4 35. Rxd4 Kf6 36. Red1 h5 37. Kf1 h4 38. Ke2 hxg3 39. hxg3 Ke5 40. f3 Rc8 0-1

[Event "Puerto Rico-ch"]
[Site "Puerto Rico"]
[Date "2007.07.20"]
[Round "5"]
[White "Sotelo Kohama, Daniel"]
[Black "Bermudez Adams, William"]
[Result "0-1"]
[WhiteElo "2141"]
[BlackElo "2155"]
[PlyCount "78"]
[EventDate "2007.07.13"]
[EventType "tourn"]
[EventRounds "11"]
[EventCountry "PUR"]
[SourceTitle "EXT 2010"]
[Source "ChessBase"]
[SourceDate "2010.11.25"]
[SourceVersion "1"]
[SourceVersionDate "2010.11.25"]
[SourceQuality "1"]

1. e4 c5 2. Ne2 d6 3. g3 Nf6 4. Bg2 g6 5. 0-0 Bg7 6. c3 0-0 7. d4 e5 8. h3 Nc6 9. Be3 b6 10. Nd2 Ba6 11. d5 Ne7 12. g4 Nd7 13. Re1 f5 14. f3 Qc7 15. c4 b5 16. cxb5 Bxb5 17. Nc3 Bd3 18. Bf1 fxe4 19. Ndxe4 Bxe4 20. Nxe4 h6 21. Rc1 Qb6 22. Bc4 Kh7 23. Rc2 Nf6 24. Qd3 Rab8 25. h4 Kh8 26. Nxc5 dxc5 27. d6 e4 28. fxe4 Nc6 29. Rg2 Ne5 30. Qe2 Nxe4 31. Rd1 Nxd6 32. Bd5 Rbe8 33. b3 Nc6 34. Qd2 Nd4 35. Bxh6 Ne4 36. Bxg7+ Kxg7 37. Qb2 Qf6 38. g5 Nf3+ 39. Kh1 Ng3+ 0-1